000 01266cam a2200313 a 4500
005 20260322212027.0
008 data
010 _a 92025894
020 _a0810919273
020 _a9780810919273
040 _aDLC
_cDLC
_dDLC
043 _an-us---
050 0 0 _aNX652.W6
_bA48 1993
082 0 0 _a700
_220
092 _a700 A48 1993
245 0 0 _aAmerican beauties :
_bwomen in art and literature : paintings, sculptures, drawings, photographs, and other works of art from the National Museum of American Art, Smithsonian Institution /
_cedited by National Museum of American Art (U.S.) & Charles Sullivan.
260 _aNew York :
_bH.N. Abrams,
_c1993.
300 _a159 p. :
_bill. (some col.) ;
_c25 cm.
500 _a"Published in association with the National Museum of American Art, Smithsonian Institution."
500 _aIncludes index.
650 0 _aWomen in art.
650 0 _aArts, American.
700 1 _aSullivan, Charles,
_d1933-
710 2 _aNational Museum of American Art (U.S.)
906 _a7
_bcbc
_corignew
_d1
_eocip
_f19
_gy-gencatlg
991 _bc-GenColl
_hNX652.W6
_iA48 1993
_tCopy 1
_wBOOKS
001 data
999 _c606
_d606